Velkoobchod překážkou maloobchodu?

Privatizované prevádzkové jednotky maloobchodu, pohostinstva a služieb musia mať právo na výber dodávateľa. Výskyt nesprávnych tendencií udržať veľké štátne, alebo krajské veľkoobchodné podniky. K demonopolizácii musí dôjsť aj na úrovni veľkoobchodu. Základné formy vytvárania konkurencie v oblasti z...

Descrizione completa

Salvato in:
Dettagli Bibliografici
Autore principale: Jindra, Jiří
Natura: Capitolo di libro
Lingua:ceco
Soggetti:
Tags: Aggiungi Tag
Nessun Tag, puoi essere il primo ad aggiungerne!!

MARC

LEADER 00000naa a2200000 4500
001 r001390
005 20220819180012.9
041 0 |a cze 
044 |a [CS] 
245 1 0 |a Velkoobchod překážkou maloobchodu?  |c Jiří Jindra 
520 |a Privatizované prevádzkové jednotky maloobchodu, pohostinstva a služieb musia mať právo na výber dodávateľa. Výskyt nesprávnych tendencií udržať veľké štátne, alebo krajské veľkoobchodné podniky. K demonopolizácii musí dôjsť aj na úrovni veľkoobchodu. Základné formy vytvárania konkurencie v oblasti zásobovania maloobchodu a pohostinstva. Význam účasti zahraničných partnerov. 
610 2 0 |a privatizácia 
610 2 0 |a veľkoobchod 
610 2 0 |a maloobchod 
610 2 0 |a zásobovanie 
610 2 0 |a demonopolizácia 
610 2 0 |a konkurencia 
610 2 0 |a ČSFR 
100 1 |a Jindra, Jiří